Datum a čas kvízu
24.5
Celkem bodů
Celkový počet nahraných bodů na tomto kvízu bez doplňovacích otázek.
7.
Pořadí na kvízu
Konečné umístění týmu na tomto kvízu.
Zaznamenané odpovědi
| # | Otázka | Odpověď | Body | Výsledky |
|---|---|---|---|---|
| 1. | Komu přišlo hodně troufalé, že... | 0 | ||
| 2. | Ve středu byla odhalena nejvyš... | 1 | ||
| 3. | Ve čtvrtek vstoupil do našich... | 0 | ||
| 4. | Rodící se největší pojišťovna... | 0.5 | ||
| 5. | Jedna z největších legend svéh... | 0 | ||
| 6. | Pokud jste na titulní otázku o... | 1 | ||
| 7. | Herci Tobinu Bellovi přinesla... | 1 | ||
| 5. | Nejúspěšnějším hororem, co do... | 1 | ||
| 5. | Filmová série Resident Evil je... | 1 | ||
| 10. | Shaun je hospodský povaleč, co... | 0 |